000 00323nam a22001337a 4500
008 180822b xxu||||| |||| 00| 0 eng d
020 _a 3211812938
041 _aeng
080 _a616.8
100 _a7
101 _aNEU
245 _aADVANCED AND TECHNICAL STANDARDS IN NEUROSURGERY
_cKRAYNBUHLA,H
942 _2udc
_cBK
999 _c47242
_d47242